000
00240nam a22001097a 4500
999
_c
534117
_d
534117
040
_c
dlc
082
_a
891.4398
100
_a
Aman Ullah Nayyar
_9
28261
245
_a
Hansein Hansaein warna Muskuraain
300
_a
240;p
942
_2
ddc
_c
BK